Programming in ANSI C / (Record no. 224)
[ view plain ]
| 000 -LEADER | |
|---|---|
| fixed length control field | 00509nam a2200169Ia 4500 |
| 008 - FIXED-LENGTH DATA ELEMENTS--GENERAL INFORMATION | |
| fixed length control field | 190805s9999||||xx |||||||||||||| ||und|| |
| 020 ## - INTERNATIONAL STANDARD BOOK NUMBER | |
| International Standard Book Number | 9789339219666 |
| Terms of availability | Rs. 399.00 |
| 082 04 - DEWEY DECIMAL CLASSIFICATION NUMBER | |
| Classification number | 005.133 |
| Item number | B181 |
| 100 1# - MAIN ENTRY--PERSONAL NAME | |
| Personal name | Balagurusamy, E. |
| 245 10 - TITLE STATEMENT | |
| Title | Programming in ANSI C / |
| 250 ## - EDITION STATEMENT | |
| Edition statement | 7th ed. |
| 260 ## - PUBLICATION, DISTRIBUTION, ETC. (IMPRINT) | |
| Place of publication, distribution, etc | New Delhi : |
| Name of publisher, distributor, etc | McGraw Hill Education India, |
| Date of publication, distribution, etc | 2017 |
| 300 ## - PHYSICAL DESCRIPTION | |
| Extent | xiv, 563 p. |
| Other physical details | : |
| Dimensions | ; 23 cm. |
| 650 #0 - SUBJECT ADDED ENTRY--TOPICAL TERM | |
| Topical term or geographic name as entry element | C (Computer program language) |
| Form subdivision | Textbooks |
| 852 ## - LOCATION/CALL NUMBER | |
| Location | |
| 942 ## - ADDED ENTRY ELEMENTS (KOHA) | |
| Item type | Books |
| Withdrawn status | Lost status | Damaged status | Not for loan | Collection code | Permanent location | Current location | Shelving location | Date acquired | Source of acquisition | Cost, normal purchase price | Full call number | Barcode | Date last seen | Koha item type | Public note | Total Checkouts | Date last borrowed |
|---|---|---|---|---|---|---|---|---|---|---|---|---|---|---|---|---|---|
| Computer Science | IMU Kochi Library | IMU Kochi Library | General Stacks | 2017-07-03 | Sri Vani Book Agency | 399.00 | 005.133 B181 | BK004039 | 2019-08-05 | Books | Gen. Shelf-1, Row-5 | ||||||
| Computer Science | IMU Kochi Library | IMU Kochi Library | General Stacks | 2017-07-03 | Sri Vani Book Agency | 399.00 | 005.133 B181 | BK004040 | 2021-07-12 | Books | Gen. Shelf-1, Row-5 | 1 | 2021-02-09 | ||||
| Computer Science | IMU Kochi Library | IMU Kochi Library | General Stacks | 2017-07-03 | Sri Vani Book Agency | 399.00 | 005.133 B181 | BK004041 | 2019-08-05 | Books | Gen. Shelf-1, Row-5 | ||||||
| Computer Science | IMU Kochi Library | IMU Kochi Library | General Stacks | 2017-07-03 | Sri Vani Book Agency | 399.00 | 005.133 B181 | BK004042 | 2019-08-05 | Books | Gen. Shelf-1, Row-5 | ||||||
| Computer Science | IMU Kochi Library | IMU Kochi Library | General Stacks | 2017-07-03 | Sri Vani Book Agency | 399.00 | 005.133 B181 | BK004038 | 2019-08-05 | Books | Gen. Shelf-1, Row-5 |